<?xml version="1.0" encoding="UTF-8"?><?xml-stylesheet type="text/xsl" href="static/style.xsl"?><OAI-PMH xmlns="http://www.openarchives.org/OAI/2.0/" xmlns:xsi="http://www.w3.org/2001/XMLSchema-instance" xsi:schemaLocation="http://www.openarchives.org/OAI/2.0/ http://www.openarchives.org/OAI/2.0/OAI-PMH.xsd"><responseDate>2026-06-29T07:23:58Z</responseDate><request verb="GetRecord" identifier="oai:docta.ucm.es:20.500.14352/133999" metadataPrefix="marc">https://docta.ucm.es/rest/oai/request</request><GetRecord><record><header><identifier>oai:docta.ucm.es:20.500.14352/133999</identifier><datestamp>2026-03-17T00:55:22Z</datestamp><setSpec>com_20.500.14352_14</setSpec><setSpec>col_20.500.14352_15</setSpec></header><metadata><record xmlns="http://www.loc.gov/MARC21/slim" xmlns:dcterms="http://purl.org/dc/terms/" xmlns:xsi="http://www.w3.org/2001/XMLSchema-instance" xmlns:doc="http://www.lyncode.com/xoai" xsi:schemaLocation="http://www.loc.gov/MARC21/slim http://www.loc.gov/standards/marcxml/schema/MARC21slim.xsd">
   <leader>00925njm 22002777a 4500</leader>
   <datafield ind2=" " ind1=" " tag="042">
      <subfield code="a">dc</subfield>
   </datafield>
   <datafield ind2=" " ind1=" " tag="720">
      <subfield code="a">Sánchez Nogueras, Judit</subfield>
      <subfield code="e">author</subfield>
   </datafield>
   <datafield ind2=" " ind1=" " tag="720">
      <subfield code="a">Arce, María Isabel</subfield>
      <subfield code="e">author</subfield>
   </datafield>
   <datafield ind2=" " ind1=" " tag="720">
      <subfield code="a">Miñano Martínez, Jesús</subfield>
      <subfield code="e">author</subfield>
   </datafield>
   <datafield ind2=" " ind1=" " tag="720">
      <subfield code="a">Lencina, José Luis</subfield>
      <subfield code="e">author</subfield>
   </datafield>
   <datafield ind2=" " ind1=" " tag="720">
      <subfield code="a">Espín Sánchez, David</subfield>
      <subfield code="e">author</subfield>
   </datafield>
   <datafield ind2=" " ind1=" " tag="720">
      <subfield code="a">Sánchez Montoya, María Del Mar</subfield>
      <subfield code="e">author</subfield>
   </datafield>
   <datafield ind2=" " ind1=" " tag="260">
      <subfield code="c">2025-12</subfield>
   </datafield>
   <datafield ind2=" " ind1=" " tag="520">
      <subfield code="a">Non-perennial streams and rivers, characterized by the presence of a dry phase, are widespread and abundant ecosystems worldwide, however, several research gaps for an effective assessment of their ecological status have been identified. Therefore, new tools that consider metrics for the dry riverbed phase to be applied to intermittent and ephemeral rivers are urgently needed. Here, we investigated the role of both terrestrial spider (Araneae) and beetle (Coleoptera) communities, at different taxonomic scales, as biological indicators of river health during the dry-phase and validate their use by the development of multi-metric indices in both dry riverbed and fringing riparian habitats. To this end, we sampled 24 non-perennial rivers located in a Mediterranean river basin (SE Spain) during the dry phase using pitfall traps. Our findings showed indicative taxa of anthropogenic disturbances identified for both invertebrate communities, yet spiders had a higher sensitivity than beetles. Both taxa groups exhibited habitat-specific responses to human disturbances, with dry riverbed communities markedly responded to disturbances compared to riparian communities. The multi-metrics index using the dry riverbed spiders performed the best classification of the ecological status of the study rivers, followed by riparian spider index. Conversely, the beetle index developed in dry riverbeds did not properly classify the study sites. Our findings support the incorporation of terrestrial invertebrate communities in general, and spiders of dry riverbeds in particular, for a comprehensive ecosystem monitoring and assessment in non-perennial fluvial ecosystems world-wide.</subfield>
   </datafield>
   <datafield ind1="8" ind2=" " tag="024">
      <subfield code="a">Sánchez-Nogueras, J., Arce, M. I., Miñano-Martínez, J., Lencina, J. L., Espín-Sánchez, D., &amp; Sánchez-Montoya, M. M. (2025). Spiders and beetles as biological indicators for the assessment of ecological quality of rivers in their dry phase: A multi-metric index approach. Ecological Indicators, 181. https://doi.org/10.1016/J.ECOLIND.2025.114424</subfield>
   </datafield>
   <datafield ind1="8" ind2=" " tag="024">
      <subfield code="a">1470-160X</subfield>
   </datafield>
   <datafield ind1="8" ind2=" " tag="024">
      <subfield code="a">10.1016/j.ecolind.2025.114424</subfield>
   </datafield>
   <datafield ind1="8" ind2=" " tag="024">
      <subfield code="a">https://hdl.handle.net/20.500.14352/133999</subfield>
   </datafield>
   <datafield ind1="8" ind2=" " tag="024">
      <subfield code="a">https://doi.org/10.1016/j.ecolind.2025.114424</subfield>
   </datafield>
   <datafield ind1="8" ind2=" " tag="024">
      <subfield code="a">https://www.sciencedirect.com/science/article/pii/S1470160X25013561</subfield>
   </datafield>
   <datafield ind2="0" ind1="0" tag="245">
      <subfield code="a">Spiders and beetles as biological indicators for the assessment of ecological quality of rivers in their dry phase: A multi-metric index approach</subfield>
   </datafield>
</record></metadata></record></GetRecord></OAI-PMH>